Biblioteca

El reino de Dios : Y el ministerio educativo de la iglesia, Fundamentos y principios de educación cristiana / Daniel S. Schipani (Registro nro. 38020)

Detalles MARC
000 -LÍDER
Campo fijo de descripción fija 005400000a22001810004500
020 ## - NÚMERO INTERNACIONAL NORMALIZADO PARA LIBROS
Número Internacional Normalizado del libro 0-89922-232-3
041 0# - CÓDIGO DE IDIOMA
Código de idioma para texto/pista de sonido o título separado
082 04 - NÚMERO DE CLASIFICACIÓN DECIMAL DEWEY
Número de clasificación G 268 S5571r
001 - NÚMERO DE CONTROL
Campo de control 7815
100 1# - ASIENTO PRINCIPAL--NOMBRE PERSONAL
Nombre personal Schipani, Daniel S.
245 10 - TÍTULO
Título del Material El reino de Dios : Y el ministerio educativo de la iglesia, Fundamentos y principios de educación cristiana / Daniel S. Schipani
260 ## - PUBLICACIÓN, DISTRIBUCIÓN, ETC. (PIE DE IMPRENTA)
Lugar de publicación, distribución, etc. Miami, FL., USA : Caribe
300 ## - DESCRIPCIÓN FÍSICA
Extensión 213 Pag
336 ## - CONTENT TYPE
Content type term texto
Content type code txt
Source rdacontent
337 ## - MEDIA TYPE
Source rdamedia
Media type term sin mediación
Media type code n
338 ## - CARRIER TYPE
Source rdacarrier
Carrier type term volumen
Carrier type code nc
942 ## - TIPO DE MATERIAL (KOHA)
Tipo de Item KOHA Libros General
Existencias
Estado de Material Estado de Perdido Estado de Dañado No para Préstamo Colección Tomo Biblioteca de Origen Biblioteca Permanente Fecha de Adquisición Total de Préstamos Signatura Topográfica Código de Barras Última vez visto Última vez Préstado Ejemplar/Existencia Fecha de Remplazo Tipo de Material Total de Renovaciones
        Colección General   Biblioteca FUSBC Biblioteca FUSBC 11/01/2005 1 G 268 S5571r 13289 28/08/2024 26/08/2024 1 26/01/2016 Libros General  
        Colección General   Biblioteca FUSBC Biblioteca FUSBC 11/01/2005 1 G 268 S5571r 13294 11/05/2022 09/03/2022 2 26/01/2016 Libros General 4

Biblioteca FUSBC | Teléfono: (57+4) 349 88 10 Ext. 141| WhatsApp (+57) 3005338115 
E-mail: biblioteca@unisbc.edu.co | Calle 76 87-14 Robledo Palenque, Medellín, Colombia

Con tecnología Koha